Twelve Letter Words A-Z - Statistics

General Stats
  • This quiz has been taken 61 times
  • The average score is 15 of 26
Answer Stats
Hint Answer % Correct
A abbr., for example abbreviation
94%
K German word meaning pre-school kindergarten
92%
E freedom, as from slavery emancipation
88%
M able to speak many languages multilingual
88%
V animal doctor veterinarian
82%
C dieters look carefully at how much of this they eat carbohydrate
74%
P treater of mental disorders psychiatrist
74%
U the state of joblessness unemployment
72%
B boxing class above flyweight bantamweight
66%
J region within which a law applies jurisdiction
66%
S the art of building with stone stonemasonry
64%
T 12-letter country Turkmenistan
64%
D a banknote's face value denomination
62%
H LSD, for example hallucinogen
62%
G writing something where authorship is credited to someone more famous ghostwriting
60%
N sex addict nymphomaniac
56%
F weapon that sprays fire flamethrower
52%
I someone pretending to be someone else impersonator
50%
R the check-in clerk at a hotel receptionist
50%
Q dubious, quite possibly false questionable
46%
W person who snatches or cleans-and-jerks weightlifter
42%
L docker who loads and unloads ships longshoreman
36%
O state of becoming obsolete obsolescence
22%
Y small, colorful sounding, bird yellowhammer
20%
Z science of the geographical distribution of animals zoogeography
16%
X lowest third of the backbone (hint: two Greek letters) {xiphi}sternum
10%
No matching quizzes found
Score Distribution
Percent of People with Each Score
Percentile by Number Answered
Your Score History
You have not taken this quiz